| 000 | 00658cam a2200205u 4500 | ||
|---|---|---|---|
| 001 | 84803 | ||
| 003 | BD-RjUL | ||
| 005 | 20250410125250.0 | ||
| 008 | 840418s1957 xx 000 0 urdo | ||
| 035 | _a(BD-RjUL) 84803 | ||
| 040 |
_aDLC _cCarP _dDLC _beng |
||
| 041 | _aurd | ||
| 082 |
_223 _a954 _bRAS 1957 |
||
| 100 | 1 |
_aرحمانی، عشرت ;; rahmani, Ishrat, _d1910-1992. _915227 |
|
| 245 | 1 | 0 |
_aسن ستاون ۶۵۷ ;; San sattāvan./ _cعشرت رحمانی ;; Israt Rahmani |
| 260 |
_c[1957] _aLahore : _bNaqwis press , |
||
| 300 |
_a432 p. _c22 cm. |
||
| 651 | 0 |
_aIndia _xHistory _ySepoy Rebellion, 1857-1858 _xFiction. _915228 |
|
| 942 |
_2ddc _cBK |
||
| 999 |
_c84803 _d84803 |
||